000 00444nab a2200145Ia 4500
003 ES-SlBCS
005 20210601131731.0
008 140529s1953 xxu||||| |||| 00| 0 fre d
041 _afre
100 1 _aQuevremont, Pierre
_9188414
245 0 0 _aFruits, déguisés (un économiste chrétien s'interroge)
_c Pierre Quevremont
650 0 4 _aEconomía
_918303
773 0 _tVie Intelectuelle (La)
_gnº. 4, 1953, págs. 29-37
_wRev907
942 _cAR
999 _c567867
_d567867